Romanji of Hiragana Chart Quiz Stats

 Plays Quiz not verified by Sporcle

Also try: This is 'ICK'y
Challenge
Share
Tweet
Embed
Score 0/71 Timer 04:00
0 Plays Today
Hiragana Character Romaji % Correct
ki
79.3%
ka
77.2%
so
77.2%
sa
76.9%
tsu
76.9%
no
76.9%
shi
76.5%
to
76.2%
ku
75.5%
ko
75.2%
te
75.2%
su
74.5%
nu
74.5%
se
74.1%
ha
73.8%
he
73.8%
yo
73.5%
ta
73.1%
me
73.1%
ru
73.1%
ro
73.1%
ke
72.8%
ho
72.8%
mi
72.8%
ya
72.4%
ne
72.1%
go
71.8%
mu
71.8%
mo
71.8%
ji
71.4%
na
71.4%
hi
71.4%
pe
71.4%
ri
71.4%
ba
71.1%
ga
70.7%
Hiragana Character Romaji % Correct
bu
70.7%
yu
70.7%
re
70.7%
gi
70.4%
gu
70.4%
chi
70.4%
da
70.4%
po
70.1%
ra
70.1%
zu
69.7%
zo
69.7%
de
69.7%
do
69.7%
wa
69.7%
fu
69.4%
bi
69.4%
ni
69%
be
69%
pi
69%
ma
68.7%
ge
68%
pu
68%
ze
67.7%
pa
67.7%
bo
67%
o
67%
za
66.7%
ji
65.6%
zu
65%
u
40.1%
a
39.5%
i
39.5%
n'
39.5%
e
39.1%
o
38.4%

You're not logged in!

Compare scores with friends on all Sporcle quizzes.
OR
Log In

You Might Also Like...

Show Comments

Extras

Created Oct 9, 2012ReportNominate
Tags:Japanese Quiz, hiragana, romaji

Top Quizzes Today


Score Distribution

Your Account Isn't Verified!

In order to create a playlist on Sporcle, you need to verify the email address you used during registration. Go to your Sporcle Settings to finish the process.

Report this User

Report this user for behavior that violates our Community Guidelines.

Details: